000 00678nam a2200241Ia 4500
003 OSt
005 20220926000955.0
006 a|||||r|||| 00| 0
007 ta
008 220923b |||||||| |||| 00| 0 eng d
020 _a8173911592
037 _cGeneral Book
040 _aRTL
_cRTL
_beng
041 _2eng
_aeng
082 _aY:393og4, N7
100 _aChakravarty Suhas
_9303272
245 0 _aPress and media
_b The global dimensions
260 _a New Delhi
_bKanishka
_c1997
300 _avi, 330p
_ccm.
650 _aSocial Communication
_9230136
942 _hY:393og4, N7
_cGB
_2CC
999 _c600136
_d600136